| 000 | 00521nam a2200157 a 4500 | ||
|---|---|---|---|
| 001 | 000049223 | ||
| 005 | 20201002061742.0 | ||
| 008 | 110303s2000 dr 000 0 spa d | ||
| 040 |
_aDO-SdBNP _bspa _cBNPHU |
||
| 100 | 1 |
_aCedeño, Víctor Livio _913939 |
|
| 245 | 1 | 3 |
_aLa prensa y los delitos de prensa / _cVíctor Livio Cedeño. |
| 260 |
_aSanto Domingo, República Dominicana : _bEditora Centenario, _c2000. |
||
| 300 |
_a101p. ; _c21 cm. |
||
| 590 | _aInventariado,2019/VM | ||
| 700 | 1 |
_aPeña Peña, Pascal _epról. _953178 |
|
| 999 |
_c48711 _d48711 |
||